عرض عادي
عرض مارك
- Studdert-Kennedy, Michael.
مدخل إسم شخص
001 - رقم الضبط
- حقل الضبط: 56825
003 - معرف رقم الضبط
- حقل الضبط: OSt
005 - تاريخ ووقت أخر عملية
- حقل الضبط: 20161127125556.0
008 - عناصر بيانات ثابتة الطول
- حقل تحكم ثابت الطول: 161127|| aca||aabn | a|a d
040 ## - مصدر الفهرسة
- هيئة الفهرسة الأصلية: OSt
- وكالة الكتابة: OSt
100 ## - مدخل -- أسم شخص
- إسم شخص: Studdert-Kennedy, Michael.
670 ## - بيانات المصدر موجوده
- الاستشهاد بالمصدر: Work cat.: (OSt)0: Approaches to the evolution of language :, 1998.
